| 000 | 00693cam a2200229 4500 | ||
|---|---|---|---|
| 001 | WB3611-20 | ||
| 008 | 000000n2000 000 0 eng u | ||
| 035 | _a(Sirsi) u104852 | ||
| 245 | _aHousebuilding: January 2000 | ||
| 260 | _c2000 | ||
| 490 |
_aDETR News Release _v (171) 9 March 2000 (6) |
||
| 520 | _aPresents the figures for housebuilding starts and completions for January 2000 and compares them with those for previous years. Includes tables and charts. | ||
| 590 | _aWB | ||
| 650 | _aDETR | ||
| 650 | _aHOUSE BUILDING | ||
| 650 | _aFORECASTS | ||
| 650 | _aNEW DWELLINGS | ||
| 650 | _aSTARTS AND COMPLETIONS | ||
| 650 | _aSTATISTICS | ||
| 690 | _aHOUSING | ||
| 942 | _n0 | ||
| 999 |
_c62904 _d62904 |
||